000 00656nab a2200253 a 4500
001 57158
003 128355
005 20201118103303.0
008 ||||||n9999 ||| || ||
041 _aspa
100 _aVasquez Kennedy, Camilo
245 0 _aPor quienes se quedan y por quienes se van
260 _aBogotá :
_bLegis,
_c1998.
300 _app.36-37
562 _e0
650 _aADAPTACION AL CAMBIO
650 _aANÁLISIS DE CASOS
650 _aCOLOMBIA
650 _aFUSION DE EMPRESAS
650 _aRECURSOS HUMANOS
650 _aRELACIONES LABORALES
773 _056173
_aClase Empresarial - No.63 (1998)
942 _cSART
999 _c57158
_d57158